000 00483nam a2200181Ia 4500
001 12064
003 IN-NITTTR
005 20251114233113.0
008 251113s9999||||xx |||||||||||||| ||eng||
040 _beng
040 _cIN-NITTTR
041 _aeng
082 _a374.013 R496I
100 _aRist, Georg
245 0 _aIntegrating vocational and general education :
_b a rudolf steiner school /
_cRist, Georg, Schneider, Peter
700 _a Schneider, Peter
942 _2ddc
_cBK
999 _c14700
_d14700